00391nam a2200157Ia 450000500170000000800460001703700180006304000200008104100130010108400090011424500410012326000340016449000070019894200070020599900210021220250507125911.0008 250505s9999 xx 000 0 eng d aBound Volumes aEASLbengcEASL aeng2eng qEASL 0aBulletin of Concerned Asian Scholars aUSAbBerkeley Bill Doubc0000 v16 cCR c1314933d1314933